| 000 | 00855cam a22002777a 4500 | ||
|---|---|---|---|
| 003 | CHAP | ||
| 005 | 20220329134907.0 | ||
| 008 | 971013s r 00010 d | ||
| 010 | _a27665 | ||
| 011 | _a28637 | ||
| 035 | _a32743 | ||
| 040 | _cCHAP | ||
| 090 | _aFolleto 351 | ||
| 100 | 0 | 0 |
_aKilci Sifontes, Josefina. _963204 |
| 245 | 1 | 3 | _aLa industria del plástico en Venezuela |
| 260 |
_aCaracas : _bCorporación Venezolana de Fomento, _c(s.a.) |
||
| 300 |
_a41 p. _b: ilus. anexo estadístico |
||
| 590 |
_aBATCH-UPD _b10 _c20130110 _lUCH01 _h1855 |
||
| 590 |
_aBATCH-UPD _b10 _c20130410 _lUCH01 _h1224 |
||
| 590 |
_aBATCH-UPD _b10 _c20130914 _lUCH01 _h1921 |
||
| 590 |
_aCONVERSION _b10 _c20130109 _lUCH01 _h1316 |
||
| 650 | 1 | 4 |
_aPlásticos _xIndustria. _989197 |
| 901 | _aBK | ||
| 942 | _cFOLL | ||
| 949 |
_aFolleto 351 _bBC _cFOLL _d-76327 _eTS1 _i32743 _si |
||
| 999 |
_c27665 _d27665 |
||